Statistics for European Countries with the Letter "O"

Click here to take the quiz!

General Stats

  • This quiz has been taken 328 times
  • The average score is 15 of 18

Answer Stats

Country% Correct
Portugal
93%
Norway
92%
Poland
91%
Slovakia
87%
Slovenia
87%
Croatia
84%
Romania
84%
Andorra
82%
Luxembourg
82%
Estonia
81%
San Marino
81%
Bosnia
and Herzegovina
80%
Monaco
80%
Kosovo
78%
Montenegro
78%
Moldova
77%
United Kingdom
72%
North Macedonia
70%

Score Distribution

Percentile by Number Answered

Percent of People with Each Score

Your Score History

You have not taken this quiz